Deerdancer : the shapeshifter archetype in story and in trance /

Saved in:
Bibliographic Details
Main Author: Jamal, Michele.
Format: Book
Language:English
Published: New York : Arkana, 1995.
Subjects:
Tags: Add Tag
No Tags, Be the first to tag this record!
LEADER 00742pam a2200253 a 4500
001 006347301-1
005 20110106100407.0
008 950303s1995 nyu b 000 0 eng
010 |a  95006236  
020 |a 0140194916 
035 0 |a ocm32203329 
040 |a DLC  |c DLC  |d DLC 
050 0 0 |a GR825  |b .J35 1995 
082 0 0 |a 398  |2 20 
100 1 |a Jamal, Michele. 
245 1 0 |a Deerdancer :  |b the shapeshifter archetype in story and in trance /  |c Michele Jamal. 
260 |a New York :  |b Arkana,  |c 1995. 
300 |a xxxix, 288 p. ;  |c 20 cm. 
500 |a "A Penguin orginal"--Label on cover. 
504 |a Includes bibliographical references (p. 281-288). 
653 0 |a Shapeshifters. 
650 0 |a Shapeshifting. 
988 |a 20020608 
906 |0 DLC